Normal view
MARC view
- WAQAS YAQOOB
Entry Personal Name
001 - CONTROL NUMBER
- control field: 72794
003 - CONTROL NUMBER IDENTIFIER
- control field: NUST
005 - DATE AND TIME OF LATEST TRANSACTION
- control field: 20210628204913.0
008 - FIXED-LENGTH DATA ELEMENTS
- fixed length control field: 210628|| aca||aabn | a|a d
040 ## - CATALOGING SOURCE
- Original cataloging agency: NUST
- Transcribing agency: NUST
100 ## - HEADING--PERSONAL NAME
- Personal name: WAQAS YAQOOB
670 ## - SOURCE DATA FOUND
- Source citation: Work cat.: (NUST): WAQAS YAQOOB, , TH-SOF-0751-THE IMPACTS OF TECHNOLOGY ON EMPLOYMENT OPPORTUNITIES, LABOR SKILLS AND UNEMPLOYMENT RATE IN PAKISTAN, 2001
